[Event "EU-chT Seniors 12th"]
[Site "Dresden"]
[Date "2010.02.16"]
[Round "7"]
[White "Waldmann, Dieter"]
[Black "Morgner, Siegfried"]
[Result "0-1"]
[WhiteElo "1557"]
[BlackElo "1870"]
[PlyCount "42"]
[EventDate "2010.02.10"]
[EventType "team-swiss"]
[EventRounds "9"]
[EventCountry "GER"]
[SourceTitle "CBM 134 Extra"]
[Source "ChessBase"]
[SourceDate "2010.03.03"]
[SourceVersion "1"]
[SourceVersionDate "2010.03.03"]
[SourceQuality "1"]
[WhiteTeam "Dresden (Seniors) II"]
[BlackTeam "Saxone (Seniors)"]
[WhiteTeamCountry "GER"]
[BlackTeamCountry "AUT"]

1. e4 c5 2. Nf3 Nc6 3. d4 cxd4 4. Nxd4 g6 5. f4 Bg7 6. e5 d6 7. Nxc6 bxc6 8. exd6 exd6 9. Bd3 Qb6 10. Na3 d5 11. c3 Ne7 12. Qe2 Qc7 13. Be3 0-0 14. 0-0 Bf5 15. Rab1 Rfe8 16. Qd2 Rad8 17. Nc2 c5 18. Ne1 d4 19. cxd4 cxd4 20. Bf2 Bh6 21. g3 Bh3 0-1

[Event "Sachsen-ch Seniors op 17th"]
[Site "Dresden"]
[Date "2009.02.13"]
[Round "5"]
[White "Kusick, Gert"]
[Black "Morgner, Siegfried"]
[Result "0-1"]
[WhiteElo "1412"]
[BlackElo "1691"]
[PlyCount "47"]
[EventDate "2009.02.09"]
[EventType "swiss"]
[EventRounds "9"]
[EventCountry "GER"]
[SourceTitle "EXT 2022"]
[Source "ChessBase"]
[SourceDate "2021.10.06"]
[SourceVersion "1"]
[SourceVersionDate "2021.10.06"]
[SourceQuality "1"]

1. e4 d6 2. d4 g6 3. Nc3 Bg7 4. Be3 Nd7 5. Nf3 Ngf6 6. h3 c6 7. Qd2 Qa5 8. a3 b5 9. b4 Qc7 10. Rc1 0-0 11. Bd3 a6 12. 0-0 Bb7 13. Rfe1 e5 14. Ne2 Rfe8 15. d5 cxd5 16. exd5 e4 17. Nfd4 exd3 18. cxd3 Qd8 19. Nc6 Bxc6 20. dxc6 Nf8 21. Bg5 Ne6 22. Bh4 Rc8 23. d4 d5 24. Nc3 0-1

[Event "Sachsen-ch Seniors op 17th"]
[Site "Dresden"]
[Date "2009.02.11"]
[Round "3"]
[White "Bussler, Juergen"]
[Black "Morgner, Siegfried"]
[Result "1-0"]
[WhiteElo "1839"]
[BlackElo "1691"]
[PlyCount "96"]
[EventDate "2009.02.09"]
[EventType "swiss"]
[EventRounds "9"]
[EventCountry "GER"]
[SourceTitle "EXT 2022"]
[Source "ChessBase"]
[SourceDate "2021.10.06"]
[SourceVersion "1"]
[SourceVersionDate "2021.10.06"]
[SourceQuality "1"]

1. e4 d6 2. d4 g6 3. Bc4 Bg7 4. Be3 Nf6 5. f3 c6 6. c3 b5 7. Bb3 a5 8. Ne2 Qc7 9. Nf4 a4 10. Bc2 Bb7 11. 0-0 0-0 12. Qe2 Nbd7 13. Rd1 Nb6 14. Na3 Nfd7 15. Nd3 Nc4 16. Nxc4 bxc4 17. Nb4 c5 18. dxc5 dxc5 19. Nd5 Bxd5 20. Rxd5 a3 21. bxa3 Bxc3 22. Rad1 Bd4 23. Bxd4 cxd4 24. R5xd4 Nb6 25. a4 Qc5 26. Kh1 Qa3 27. Rb1 Rfb8 28. Qd2 Qxa2 29. Qc3 Nxa4 30. Rxb8+ Rxb8 31. Bxa4 Qxa4 32. h3 Rc8 33. Rd2 Qb3 34. Rc2 Qxc3 35. Rxc3 e5 36. Kg1 f5 37. Kf2 Kf7 38. Ke3 f4+ 39. Kd2 g5 40. Ra3 Rc6 41. Kc3 Ke6 42. Ra7 h5 43. Rh7 h4 44. Rh6+ Kd7 45. Rxc6 Kxc6 46. Kxc4 Kd6 47. Kb5 Ke7 48. Kc6 Ke6 1-0

[Event "Sachsen-ch Seniors op 17th"]
[Site "Dresden"]
[Date "2009.02.09"]
[Round "1"]
[White "Beckel, Friedrich A"]
[Black "Morgner, Siegfried"]
[Result "1-0"]
[WhiteElo "2040"]
[BlackElo "1691"]
[PlyCount "49"]
[EventDate "2009.02.09"]
[EventType "swiss"]
[EventRounds "9"]
[EventCountry "GER"]
[SourceTitle "EXT 2022"]
[Source "ChessBase"]
[SourceDate "2021.10.06"]
[SourceVersion "1"]
[SourceVersionDate "2021.10.06"]
[SourceQuality "1"]

1. e4 d6 2. d4 g6 3. Nc3 Bg7 4. Be3 Nf6 5. h3 Nbd7 6. Nf3 c5 7. e5 dxe5 8. dxe5 Ng8 9. e6 Bxc3+ 10. bxc3 fxe6 11. Bc4 Nb6 12. Bb5+ Bd7 13. Qe2 Nd5 14. 0-0 Nxc3 15. Bxd7+ Qxd7 16. Qc4 Nd5 17. Rad1 Nxe3 18. fxe3 Qc7 19. Qxe6 Nf6 20. Ng5 Rf8 21. Rxf6 Rxf6 22. Qg8+ Rf8 23. Qxf8+ Kxf8 24. Ne6+ Kf7 25. Nxc7 1-0

[Event "EU-chT Seniors 10th"]
[Site "Dresden"]
[Date "2008.02.17"]
[Round "7.3"]
[White "Buck, Klaus Michael"]
[Black "Morgner, Siegfried"]
[Result "0-1"]
[WhiteElo "1805"]
[BlackElo "1921"]
[PlyCount "116"]
[EventDate "2008.02.11"]
[EventType "team-swiss"]
[EventRounds "9"]
[EventCountry "GER"]
[SourceTitle "CBM 122 Extra"]
[Source "ChessBase"]
[SourceDate "2008.03.04"]
[SourceVersion "1"]
[SourceVersionDate "2008.03.04"]
[SourceQuality "1"]
[WhiteTeam "Stoertebeker"]
[BlackTeam "Grossroehrsdorf"]
[WhiteTeamCountry "GER"]
[BlackTeamCountry "GER"]

1. b4 e5 2. a3 a5 3. b5 Bc5 4. e3 Ne7 5. Bb2 d6 6. c4 Bf5 7. Nc3 Nd7 8. Nf3 0-0 9. d3 c6 10. d4 exd4 11. Nxd4 Bg6 12. Be2 Re8 13. 0-0 Nf8 14. Na4 Ba7 15. Bf3 Rc8 16. Qd2 c5 17. Nb3 b6 18. Qc3 f6 19. Rfd1 Qc7 20. e4 Rcd8 21. g3 Nd7 22. Bg2 Bh5 23. Re1 Ne5 24. f4 Nd7 25. Qe3 Bf7 26. Nd2 d5 27. e5 d4 28. Qd3 fxe5 29. fxe5 Nxe5 30. Qf1 Ng4 31. Be4 Bg6 32. Bxg6 Nxg6 33. Rxe8+ Rxe8 34. Re1 Ne3 35. Qd3 Qb7 36. Qe2 Rf8 37. Nf1 Re8 38. Bc1 Qf7 39. Nxe3 dxe3 40. Bxe3 Ne5 41. Bf4 Nf3+ 42. Qxf3 Rxe1+ 43. Kf2 Re8 44. Qd5 Qxd5 45. cxd5 Rd8 46. Bc7 Rxd5 47. Bxb6 Bxb6 48. Nxb6 Rd4 49. Nc8 Kf7 50. b6 Rd2+ 51. Kg1 Rb2 52. b7 Ke6 53. Na7 Rxb7 54. Nc6 Rb1+ 55. Kg2 a4 56. Na5 Kd5 57. Kf3 c4 58. Ke3 Rb5 0-1

[Event "EU-chT Seniors 10th"]
[Site "Dresden"]
[Date "2008.02.15"]
[Round "5.3"]
[White "Lauterbach, Eberhard"]
[Black "Morgner, Siegfried"]
[Result "0-1"]
[WhiteElo "1735"]
[BlackElo "1921"]
[PlyCount "120"]
[EventDate "2008.02.11"]
[EventType "team-swiss"]
[EventRounds "9"]
[EventCountry "GER"]
[SourceTitle "CBM 122 Extra"]
[Source "ChessBase"]
[SourceDate "2008.03.04"]
[SourceVersion "1"]
[SourceVersionDate "2008.03.04"]
[SourceQuality "1"]
[WhiteTeam "Heidenau"]
[BlackTeam "Grossroehrsdorf"]
[WhiteTeamCountry "GER"]
[BlackTeamCountry "GER"]

1. d4 Nf6 2. c4 d6 3. Nf3 g6 4. Nc3 Bg7 5. e4 0-0 6. Be2 Nc6 7. 0-0 e6 8. h3 a6 9. d5 exd5 10. cxd5 Ne5 11. Nxe5 dxe5 12. Be3 Qe7 13. a3 Bd7 14. b4 b6 15. f3 Nh5 16. f4 exf4 17. Bd4 Ng3 18. Bxg7 Kxg7 19. Qd4+ Kg8 20. Rxf4 Nxe2+ 21. Nxe2 g5 22. Rf6 Rae8 23. Ng3 Qe5 24. Qxe5 Rxe5 25. Rc1 Rc8 26. Rcf1 Re7 27. R1f3 g4 28. hxg4 Bxg4 29. R3f4 h5 30. Nf5 Bxf5 31. R6xf5 Rce8 32. Rxh5 Rxe4 33. Rf3 Re1+ 34. Kh2 R8e5 35. Rxe5 Rxe5 36. Rc3 Re7 37. Kg3 Kf8 38. Kf3 Ke8 39. Rc6 Kd7 40. Kf4 Re2 41. g3 Ra2 42. Rc3 Kd6 43. Ke4 Re2+ 44. Kf4 Re7 45. Rd3 Re5 46. g4 Rxd5 47. Rxd5+ Kxd5 48. Kf5 c5 49. bxc5 bxc5 50. g5 c4 51. Kf6 c3 52. Kxf7 c2 53. g6 c1Q 54. g7 Qf4+ 55. Kg6 Qe4+ 56. Kf7 Qf5+ 57. Kg8 Kc4 58. Kh8 Qh5+ 59. Kg8 Kb3 60. Kf8 Qh6 0-1

[Event "EU-chT Seniors 10th"]
[Site "Dresden"]
[Date "2008.02.14"]
[Round "4.3"]
[White "Lueck, Edmund"]
[Black "Morgner, Siegfried"]
[Result "1-0"]
[WhiteElo "1717"]
[BlackElo "1921"]
[PlyCount "89"]
[EventDate "2008.02.11"]
[EventType "team-swiss"]
[EventRounds "9"]
[EventCountry "GER"]
[SourceTitle "CBM 122 Extra"]
[Source "ChessBase"]
[SourceDate "2008.03.04"]
[SourceVersion "1"]
[SourceVersionDate "2008.03.04"]
[SourceQuality "1"]
[WhiteTeam "Bahn Sozialwerk III"]
[BlackTeam "Grossroehrsdorf"]
[WhiteTeamCountry "GER"]
[BlackTeamCountry "GER"]

1. e4 d6 2. d4 g6 3. Be3 Bg7 4. Bc4 c5 5. c3 cxd4 6. cxd4 Nf6 7. Nc3 Nc6 8. f3 0-0 9. Qd2 a6 10. Nge2 b5 11. Bd3 Bd7 12. 0-0 e5 13. d5 Ne7 14. Rac1 Qa5 15. a3 Rfc8 16. Rc2 Ne8 17. g4 f5 18. gxf5 gxf5 19. Bh6 f4 20. Bxg7 Kxg7 21. Kh1 Qd8 22. Rg1+ Ng6 23. Qe1 Bh3 24. Nxf4 exf4 25. e5 Kh8 26. Bxg6 hxg6 27. Rxg6 Bf5 28. Rh6+ Kg7 29. Rxd6 Nxd6 30. Rg2+ Bg6 31. exd6 Qxd6 32. Qd2 Kf7 33. Rg4 Re8 34. Rxf4+ Kg7 35. Rg4 Qe5 36. Ne4 Rh8 37. Rg5 Qe7 38. Qc3+ Kf7 39. Re5 Qd8 40. Ng5+ Kg8 41. Qd4 Rc8 42. d6 Rc1+ 43. Kg2 Rc2+ 44. Kg3 Qd7 45. Re7 1-0

[Event "EU-chT Seniors 09th"]
[Site "Dresden"]
[Date "2007.02.21"]
[Round "6"]
[White "Degenhardt, Norbert"]
[Black "Morgner, Siegfried"]
[Result "1/2-1/2"]
[WhiteElo "2116"]
[BlackElo "1908"]
[PlyCount "61"]
[EventDate "2007.02.16"]
[EventType "team-swiss"]
[EventRounds "9"]
[EventCountry "GER"]
[SourceTitle "CBM 117 Extra"]
[Source "ChessBase"]
[SourceDate "2007.05.09"]
[SourceVersion "1"]
[SourceVersionDate "2007.05.09"]
[SourceQuality "1"]

1. e4 d6 2. g3 g6 3. Bg2 Bg7 4. Ne2 c5 5. d4 cxd4 6. Nxd4 Qb6 7. Nb3 Nc6 8. 0-0 Be6 9. Be3 Qc7 10. c3 Bxb3 11. axb3 Nf6 12. Nd2 Qd7 13. h3 h5 14. b4 b5 15. Qe2 0-0 16. Qxb5 Rfb8 17. Qa6 Ne8 18. Nb3 Nc7 19. Qe2 Rb5 20. Rfd1 Rab8 21. Nd4 a5 22. bxa5 Rxb2 23. Rd2 Rb1+ 24. Rd1 R1b2 25. Qc4 Nb5 26. Qd3 Qa7 27. Rd2 Rb3 28. Rc2 Rc8 29. Qd2 Rxc3 30. Rxc3 Nbxd4 31. Qa2 1/2-1/2

[Event "EU-chT Seniors 09th"]
[Site "Dresden"]
[Date "2007.02.16"]
[Round "1"]
[White "Morgner, Siegfried"]
[Black "Peleikis, Horst"]
[Result "0-1"]
[WhiteElo "1908"]
[BlackElo "2101"]
[PlyCount "83"]
[EventDate "2007.02.16"]
[EventType "team-swiss"]
[EventRounds "9"]
[EventCountry "GER"]
[SourceTitle "CBM 117 Extra"]
[Source "ChessBase"]
[SourceDate "2007.05.09"]
[SourceVersion "1"]
[SourceVersionDate "2007.05.09"]
[SourceQuality "1"]

1. Nf3 Nf6 2. d4 g6 3. c4 Bg7 4. Nc3 d6 5. g3 0-0 6. Bg2 c5 7. d5 Na6 8. 0-0 Nc7 9. e4 Rb8 10. a4 Bd7 11. Re1 a6 12. h3 b5 13. e5 dxe5 14. Nxe5 b4 15. Nxd7 Qxd7 16. Ne4 Nxe4 17. Rxe4 Ne8 18. Qe2 Rb7 19. Bg5 Nf6 20. Re3 Ra7 21. Re1 h6 22. Bf4 Qxa4 23. Be5 Qd7 24. Qf3 Qd8 25. Rd1 Nd7 26. Bxg7 Kxg7 27. Rde1 Nf6 28. Qe2 Re8 29. g4 Qd6 30. Bf3 a5 31. b3 Kf8 32. Qb2 a4 33. bxa4 Rxa4 34. h4 Ra7 35. g5 hxg5 36. hxg5 Ng8 37. Re4 Ra3 38. Bg2 Rea8 39. Rh4 Rc3 40. Rh7 Qf4 41. Ra1 Rxa1+ 42. Qxa1 0-1

[Event "GER-ch Seniors 18th"]
[Site "Dresden"]
[Date "2006.07.30"]
[Round "9"]
[White "Kaiser, Hans"]
[Black "Morgner, Siegfried"]
[Result "1/2-1/2"]
[WhiteElo "1622"]
[BlackElo "1672"]
[PlyCount "24"]
[EventDate "2006.07.22"]
[EventType "swiss"]
[EventRounds "9"]
[EventCountry "GER"]
[SourceTitle "EXT 2022"]
[Source "ChessBase"]
[SourceDate "2021.10.06"]
[SourceVersion "1"]
[SourceVersionDate "2021.10.06"]
[SourceQuality "1"]

1. e4 d6 2. d4 g6 3. Nc3 Bg7 4. Nf3 Nf6 5. Bd3 c6 6. 0-0 0-0 7. h3 Nbd7 8. Be3 e5 9. Qd2 Re8 10. Bg5 exd4 11. Nxd4 Qb6 12. Nb3 Nf8 1/2-1/2

[Event "GER-ch Seniors 18th"]
[Site "Dresden"]
[Date "2006.07.22"]
[Round "1"]
[White "Kuttnick, Helmut"]
[Black "Morgner, Siegfried"]
[Result "1-0"]
[WhiteElo "1882"]
[BlackElo "1672"]
[PlyCount "109"]
[EventDate "2006.07.22"]
[EventType "swiss"]
[EventRounds "9"]
[EventCountry "GER"]
[SourceTitle "EXT 2022"]
[Source "ChessBase"]
[SourceDate "2021.10.06"]
[SourceVersion "1"]
[SourceVersionDate "2021.10.06"]
[SourceQuality "1"]

1. d4 Nf6 2. c4 d6 3. Nc3 g6 4. e4 Bg7 5. Be2 0-0 6. Nf3 Nbd7 7. h3 e5 8. 0-0 Nh5 9. dxe5 dxe5 10. Nh2 Nf4 11. Nd5 Nxe2+ 12. Qxe2 c6 13. Nc3 Qh4 14. Nf3 Qh5 15. Qe3 Re8 16. Ne2 g5 17. Qxg5 Qxg5 18. Bxg5 Nc5 19. Ng3 Be6 20. b3 f6 21. Be3 Nd3 22. Rfd1 Nb4 23. Rd2 Bf8 24. Rad1 c5 25. Nh4 Nc6 26. Nhf5 Nd4 27. f3 a5 28. Nxd4 cxd4 29. Bf2 Bb4 30. Rd3 Rec8 31. a4 Kf7 32. Nf5 Bf8 33. g4 Bb4 34. Kf1 Rc6 35. Ra1 Raa6 36. Nh4 Rc8 37. Nf5 Bc5 38. Be1 Rd8 39. Ke2 Raa8 40. Rdd1 b6 41. Kd3 Rh8 42. Bd2 Rhc8 43. Rg1 Bf8 44. g5 Bxf5 45. exf5 fxg5 46. Bxg5 Bg7 47. Ke4 Rc5 48. Rg2 Bf6 49. Rag1 Rg8 50. h4 h6 51. Bxf6 Rxg2 52. Rxg2 Kxf6 53. Rg6+ Kf7 54. Rxh6 Rc8 55. h5 1-0

[Event "Niedersachsen-ch Seniors op 09th"]
[Site "Bad Bevensen"]
[Date "2006.07.02"]
[Round "9"]
[White "Morgner, Siegfried"]
[Black "Loeding, Walter"]
[Result "1-0"]
[WhiteElo "1668"]
[BlackElo "1435"]
[PlyCount "47"]
[EventDate "2006.06.24"]
[EventType "swiss"]
[EventRounds "9"]
[EventCountry "GER"]
[SourceTitle "EXT 2022"]
[Source "ChessBase"]
[SourceDate "2021.10.06"]
[SourceVersion "1"]
[SourceVersionDate "2021.10.06"]
[SourceQuality "1"]

1. Nf3 Nf6 2. d4 d5 3. c4 c6 4. e3 h6 5. Nc3 Bf5 6. Bd3 Bxd3 7. Qxd3 Nbd7 8. 0-0 e6 9. a3 Bd6 10. c5 Bc7 11. b4 b6 12. e4 dxe4 13. Nxe4 0-0 14. Re1 Nd5 15. Ng3 N5f6 16. Qc2 b5 17. Ne5 Nxe5 18. dxe5 Nd5 19. Qe4 Qd7 20. Qg4 Kh7 21. Qh5 Bd8 22. Ne4 Kg8 23. f4 g6 24. Qxh6 1-0

[Event "Niedersachsen-ch Seniors op 09th"]
[Site "Bad Bevensen"]
[Date "2006.06.29"]
[Round "6"]
[White "Von Janta, Lothar"]
[Black "Morgner, Siegfried"]
[Result "1-0"]
[WhiteElo "1737"]
[BlackElo "1668"]
[PlyCount "77"]
[EventDate "2006.06.24"]
[EventType "swiss"]
[EventRounds "9"]
[EventCountry "GER"]
[SourceTitle "EXT 2022"]
[Source "ChessBase"]
[SourceDate "2021.10.06"]
[SourceVersion "1"]
[SourceVersionDate "2021.10.06"]
[SourceQuality "1"]

1. c4 Nf6 2. Nc3 g6 3. g3 Bg7 4. Bg2 c6 5. e3 0-0 6. Nge2 d5 7. cxd5 cxd5 8. 0-0 Nc6 9. d4 Bf5 10. a3 Qd7 11. Nf4 e6 12. f3 g5 13. Nd3 b6 14. Nf2 Bg6 15. Ne2 Rfd8 16. f4 g4 17. Nc3 h5 18. Nd3 Qe7 19. h3 Bf5 20. hxg4 hxg4 21. Ne5 Rac8 22. Bd2 Na5 23. Qe2 Nb3 24. Rad1 Nh5 25. Kf2 Bxe5 26. fxe5 f6 27. Rh1 Qh7 28. Rh4 fxe5 29. Rdh1 Qf7 30. Kg1 Nxd2 31. Rxh5 Nf3+ 32. Bxf3 gxf3 33. Qxf3 exd4 34. exd4 Kf8 35. Qf4 Ke7 36. Qe3 Bg6 37. Nxd5+ Rxd5 38. Rxd5 Kf8 39. Rh8+ 1-0

[Event "Niedersachsen-ch Seniors op 09th"]
[Site "Bad Bevensen"]
[Date "2006.06.28"]
[Round "5"]
[White "Morgner, Siegfried"]
[Black "Johannsen, Ingbert"]
[Result "0-1"]
[WhiteElo "1668"]
[BlackElo "1932"]
[PlyCount "50"]
[EventDate "2006.06.24"]
[EventType "swiss"]
[EventRounds "9"]
[EventCountry "GER"]
[SourceTitle "EXT 2022"]
[Source "ChessBase"]
[SourceDate "2021.10.06"]
[SourceVersion "1"]
[SourceVersionDate "2021.10.06"]
[SourceQuality "1"]

1. Nf3 Nf6 2. d4 e6 3. c4 d5 4. Nc3 Be7 5. e3 0-0 6. Bd3 Nbd7 7. Qc2 c6 8. 0-0 Re8 9. Re1 Nf8 10. h3 b6 11. e4 dxc4 12. Bxc4 Bb7 13. e5 Nd5 14. Ne4 Nb4 15. Qe2 a5 16. a3 Nd5 17. Bg5 f6 18. exf6 gxf6 19. Bh6 Ng6 20. g3 Bf8 21. Bd2 Bg7 22. h4 Nge7 23. Rad1 Nf5 24. g4 Nd6 25. Ba2 Ba6 0-1

[Event "Niedersachsen-ch Seniors op 09th"]
[Site "Bad Bevensen"]
[Date "2006.06.27"]
[Round "4"]
[White "Potthammel, Joerg"]
[Black "Morgner, Siegfried"]
[Result "1-0"]
[WhiteElo "2019"]
[BlackElo "1668"]
[PlyCount "41"]
[EventDate "2006.06.24"]
[EventType "swiss"]
[EventRounds "9"]
[EventCountry "GER"]
[SourceTitle "EXT 2022"]
[Source "ChessBase"]
[SourceDate "2021.10.06"]
[SourceVersion "1"]
[SourceVersionDate "2021.10.06"]
[SourceQuality "1"]

1. e4 d6 2. d4 g6 3. Nc3 Bg7 4. Be2 Nc6 5. Be3 Nf6 6. h4 h5 7. f3 Bd7 8. Nh3 Bxh3 9. Rxh3 a6 10. Qd2 Qd7 11. Nd1 b5 12. c3 0-0 13. Nf2 Rfb8 14. g4 b4 15. gxh5 bxc3 16. bxc3 Nxh5 17. f4 Nf6 18. Rg3 Kf8 19. f5 gxf5 20. Bh6 Ne8 21. Bxg7+ 1-0

[Event "Schwarzburg op"]
[Site "Schwarzburg"]
[Date "2005.09.08"]
[Round "2"]
[White "Morgner, Siegfried"]
[Black "Horatschek, Peter"]
[Result "1-0"]
[WhiteElo "1970"]
[BlackElo "1683"]
[PlyCount "31"]
[EventDate "2005.09.07"]
[EventType "swiss"]
[EventRounds "7"]
[EventCountry "GER"]
[SourceTitle "CBM 108 Extra"]
[Source "ChessBase"]
[SourceDate "2005.11.04"]
[SourceVersion "1"]
[SourceVersionDate "2005.11.04"]
[SourceQuality "1"]

1. Nf3 g6 2. d4 d5 3. c4 c6 4. e3 Bg7 5. Nc3 Nf6 6. Qc2 0-0 7. cxd5 cxd5 8. Bd3 Nc6 9. a3 a6 10. h3 b5 11. Nxb5 Bd7 12. Nc3 Qb8 13. Bd2 Rc8 14. Qb1 Na5 15. Nxd5 Nb3 16. Nxe7+ 1-0

[Event "Schwarzburg op"]
[Site "Schwarzburg"]
[Date "2005.09.07"]
[Round "1"]
[White "Knechtel, Roland"]
[Black "Morgner, Siegfried"]
[Result "1-0"]
[WhiteElo "2310"]
[BlackElo "1970"]
[PlyCount "43"]
[EventDate "2005.09.07"]
[EventType "swiss"]
[EventRounds "7"]
[EventCountry "GER"]
[SourceTitle "CBM 108 Extra"]
[Source "ChessBase"]
[SourceDate "2005.11.04"]
[SourceVersion "1"]
[SourceVersionDate "2005.11.04"]
[SourceQuality "1"]

1. d4 Nf6 2. c4 d6 3. Nc3 g6 4. e4 Bg7 5. f3 Nbd7 6. Be3 c6 7. Bd3 e5 8. d5 cxd5 9. cxd5 a6 10. Qd2 Qa5 11. Nge2 Nc5 12. Bc2 b5 13. a3 Qd8 14. b4 Ncd7 15. a4 bxa4 16. Nxa4 Bb7 17. 0-0 Nh5 18. Nc1 0-0 19. Nb3 f5 20. Na5 Bc8 21. Nc6 Qh4 22. Bg5 1-0

[Event "EU-chT Seniors 07th"]
[Site "Dresden"]
[Date "2005.02.24"]
[Round "7"]
[White "Morgner, Siegfried"]
[Black "Haug, Kjell Martin"]
[Result "1-0"]
[WhiteElo "1964"]
[BlackElo "1985"]
[PlyCount "69"]
[EventDate "2005.02.18"]
[EventType "team-swiss"]
[EventRounds "8"]
[EventCountry "GER"]
[SourceTitle "EXT 2006"]
[Source "ChessBase"]
[SourceDate "2005.11.24"]
[SourceVersion "1"]
[SourceVersionDate "2005.11.24"]
[SourceQuality "1"]

1. Nf3 Nf6 2. d4 g6 3. c4 Bg7 4. Nc3 d6 5. e4 0-0 6. Be2 Nbd7 7. h3 e5 8. d5 Nc5 9. Qc2 Bd7 10. b4 Na6 11. a3 c6 12. dxc6 bxc6 13. c5 Bc8 14. Qa4 Nb8 15. cxd6 Qxd6 16. 0-0 Nfd7 17. Be3 Qc7 18. Rac1 Nb6 19. Qa5 Nd5 20. Nxd5 Qxa5 21. Ne7+ Kh8 22. bxa5 Bd7 23. Bc5 Re8 24. Bd6 Bf6 25. Bxb8 Raxb8 26. Nxc6 Rb3 27. Rfd1 Be6 28. Bc4 Rxa3 29. Bxe6 Rxe6 30. Rd7 Ra4 31. Rxf7 Rxe4 32. Rxa7 Ra4 33. Nfxe5 Re8 34. Nf7+ Kg8 35. Nh6+ 1-0

[Event "EU-chT Seniors 07th"]
[Site "Dresden"]
[Date "2005.02.23"]
[Round "6"]
[White "Hesse, Manfred"]
[Black "Morgner, Siegfried"]
[Result "1/2-1/2"]
[WhiteElo "1892"]
[BlackElo "1964"]
[PlyCount "25"]
[EventDate "2005.02.18"]
[EventType "team-swiss"]
[EventRounds "8"]
[EventCountry "GER"]
[SourceTitle "EXT 2006"]
[Source "ChessBase"]
[SourceDate "2005.11.24"]
[SourceVersion "1"]
[SourceVersionDate "2005.11.24"]
[SourceQuality "1"]

1. c4 g6 2. Nc3 Bg7 3. d4 d6 4. e4 Nc6 5. Be3 Nf6 6. Be2 a6 7. f4 0-0 8. h3 e5 9. d5 exf4 10. Bxf4 Ne5 11. Nf3 Nh5 12. Bxe5 dxe5 13. 0-0 1/2-1/2

[Event "Bad Sooden-Allendorf Seniors op 16th"]
[Site "Bad Sooden-Allendorf"]
[Date "2004.04.29"]
[Round "8"]
[White "Thomas, Johann"]
[Black "Morgner, Siegfried"]
[Result "1-0"]
[WhiteElo "1620"]
[BlackElo "2000"]
[PlyCount "157"]
[EventDate "2004.04.22"]
[EventType "swiss"]
[EventRounds "9"]
[EventCountry "GER"]
[SourceTitle "EXT 2006"]
[Source "ChessBase"]
[SourceDate "2005.11.24"]
[SourceVersion "1"]
[SourceVersionDate "2005.11.24"]
[SourceQuality "1"]

1. e4 d6 2. Bc4 Nf6 3. d3 g6 4. c3 Bg7 5. Be3 c5 6. Nf3 a6 7. a3 b5 8. Ba2 Nc6 9. Nbd2 e5 10. Bg5 Bd7 11. Bd5 h6 12. Bxf6 Qxf6 13. c4 0-0 14. 0-0 Rac8 15. Bxc6 Rxc6 16. h3 g5 17. Nh2 Qg6 18. f3 h5 19. Rf2 Be6 20. b3 Rb6 21. Qe2 Bf6 22. Rc1 Ra8 23. g4 h4 24. Nhf1 Bd8 25. Ne3 a5 26. Nf5 bxc4 27. dxc4 Rab8 28. a4 Kf8 29. Rc3 f6 30. Rd3 Bc7 31. Rf1 Ke8 32. Rd1 Qf7 33. Nf1 Bxf5 34. exf5 Rxb3 35. Rxb3 Rxb3 36. Ne3 Qd7 37. Nd5 Kf7 38. Qc2 Rb7 39. Rd3 Qc8 40. Nc3 Bb8 41. Nb5 Qc6 42. Qe2 Re7 43. Qe4 Qxe4 44. fxe4 Rd7 45. Kf2 Ke7 46. Rb3 Kd8 47. Nc3 Bc7 48. Nd5 Rf7 49. Rb5 Kc8 50. Nxc7 Rxc7 51. Rxa5 Rb7 52. Rb5 Ra7 53. a5 Kc7 54. Ke3 Ra6 55. Kd3 Rc6 56. Kc3 Ra6 57. Kb3 Rc6 58. Ka4 Ra6 59. Rb2 Rc6 60. Kb5 Kb7 61. Ra2 Ra6 62. Ra3 Ka7 63. Rb3 Kb7 64. Ka4+ Kc7 65. Rb5 Rc6 66. Rb3 Ra6 67. Rd3 Kc6 68. Rd1 Ra8 69. Rb1 Kc7 70. Rb6 Rd8 71. Kb5 Ra8 72. a6 Ra7 73. Rc6+ Kd7 74. Rb6 Kc7 75. Ka5 Kd7 76. Rb8 Rc7 77. Kb6 d5 78. exd5 e4 79. Rb7 1-0

[Event "Bad Sooden-Allendorf Seniors op 16th"]
[Site "Bad Sooden-Allendorf"]
[Date "2004.04.25"]
[Round "4"]
[White "Puls, Harry"]
[Black "Morgner, Siegfried"]
[Result "1/2-1/2"]
[WhiteElo "1598"]
[BlackElo "2000"]
[PlyCount "54"]
[EventDate "2004.04.22"]
[EventType "swiss"]
[EventRounds "9"]
[EventCountry "GER"]
[SourceTitle "EXT 2006"]
[Source "ChessBase"]
[SourceDate "2005.11.24"]
[SourceVersion "1"]
[SourceVersionDate "2005.11.24"]
[SourceQuality "1"]

1. d4 Nf6 2. c4 g6 3. Nc3 d6 4. Nf3 Bg7 5. Bg5 0-0 6. e3 c6 7. Be2 a5 8. 0-0 Na6 9. a3 Bd7 10. Bxf6 Bxf6 11. Ne4 Bg7 12. Rb1 c5 13. dxc5 Bf5 14. Bd3 dxc5 15. Qc2 Qc7 16. Ng3 Bxd3 17. Qxd3 Rfd8 18. Qc2 Rd7 19. Rfd1 Rad8 20. Rxd7 Rxd7 21. h3 Qd6 22. Ng5 f5 23. Nxf5 gxf5 24. Qxf5 e5 25. Qxh7+ Kf8 26. Qf5+ Kg8 27. Qh7+ Kf8 1/2-1/2

[Event "Bad Sooden-Allendorf Seniors op 16th"]
[Site "Bad Sooden-Allendorf"]
[Date "2004.04.24"]
[Round "3"]
[White "Morgner, Siegfried"]
[Black "Kahn, Manfred"]
[Result "0-1"]
[WhiteElo "2000"]
[BlackElo "2157"]
[PlyCount "80"]
[EventDate "2004.04.22"]
[EventType "swiss"]
[EventRounds "9"]
[EventCountry "GER"]
[SourceTitle "EXT 2006"]
[Source "ChessBase"]
[SourceDate "2005.11.24"]
[SourceVersion "1"]
[SourceVersionDate "2005.11.24"]
[SourceQuality "1"]

1. Nf3 f5 2. d4 Nf6 3. c4 e6 4. Nc3 Bb4 5. a3 Bxc3+ 6. bxc3 0-0 7. Bg5 Qe8 8. Bxf6 Rxf6 9. e3 b6 10. Be2 Bb7 11. a4 Nc6 12. Rb1 d6 13. Qb3 Na5 14. Qc2 Be4 15. Bd3 Bxd3 16. Qxd3 Qxa4 17. Nd2 Qc6 18. f3 Re8 19. 0-0 d5 20. Rb4 Nb7 21. Ra1 a5 22. Rba4 Nd6 23. c5 Nf7 24. cxb6 cxb6 25. c4 e5 26. cxd5 Qxd5 27. e4 fxe4 28. fxe4 Qd7 29. d5 Nd6 30. R4a2 Nb7 31. Rb2 Qd6 32. Rb5 Rc8 33. h3 Qc7 34. Qb3 Nc5 35. Qa2 Kh8 36. Rc1 h6 37. Nb3 Qd7 38. Rbxc5 bxc5 39. Rxc5 Rxc5 40. Nxc5 Qb5 0-1